00642cam a22001937a 4500003000500000005001700005008004100022010001000063011001000073035001000083040000900093100003100102245010700133260007200240300002700312650003300339650004800372650002800420CHAP20220329141959.0981105 1993 mx a r l00010 spa d a76621 a77593 a87202 cCHAP00aMata García, Bernardino.10aTierra si, carretera no ! :b(Don Francisco Morales cuenta la historia)c/por Bernardino Mata García aChapingo, Méx. :bUACH. Departamento de Sociología Ruralc1993. a30 p. :bilus, ; anexo14aCarreteraszMéxico (Edo.).14aEjido La Magdalena Panoaya, Texcoco, Méx.14aEjidosxMéxico (Edo.)